Bharatar swadhinata andulan aru swadhinata andulanat ashomar bhumika. (Record no. 927)
[ view plain ]
| 000 -LEADER | |
|---|---|
| fixed length control field | 00587cam a2200193ua 4500 |
| 008 - FIXED-LENGTH DATA ELEMENTS--GENERAL INFORMATION | |
| fixed length control field | 110426n ii |||gr||||Z||||||eng |
| 040 ## - CATALOGING SOURCE | |
| Transcribing agency | MAIN |
| 082 ## - DEWEY DECIMAL CLASSIFICATION NUMBER | |
| Classification number | 322.4454162 |
| 245 1# - TITLE STATEMENT | |
| Title | Bharatar swadhinata andulan aru swadhinata andulanat ashomar bhumika. |
| Statement of responsibility, etc. | By Kripesh Chandra Paul. |
| 250 ## - EDITION STATEMENT | |
| Edition statement | 1st. |
| 260 ## - PUBLICATION, DISTRIBUTION, ETC. | |
| Place of publication, distribution, etc. | Gowahati.: |
| Name of publisher, distributor, etc. | Rupalim prakashan,996. |
| 300 ## - PHYSICAL DESCRIPTION | |
| Extent | viii, 280 p.: |
| Dimensions | 20 cm. |
| 700 ## - ADDED ENTRY--PERSONAL NAME | |
| Personal name | Paul, Kripesh Chandra., |
| 700 ## - ADDED ENTRY--PERSONAL NAME | |
| Personal name | Nayak, Pratul Chandra., |
| 942 ## - ADDED ENTRY ELEMENTS (KOHA) | |
| Koha item type | Books |
| 653 ## - INDEX TERM--UNCONTROLLED | |
| Uncontrolled term | Political science. |
| 653 ## - INDEX TERM--UNCONTROLLED | |
| Uncontrolled term | Bharatar swadhinata andulanat ashomar bhumika. |
| Withdrawn status | Lost status | Damaged status | Not for loan | Home library | Current library | Shelving location | Date acquired | Total Checkouts | Full call number | Barcode | Date last seen | Copy number | Price effective from | Koha item type | Date last checked out |
|---|---|---|---|---|---|---|---|---|---|---|---|---|---|---|---|
| Central Library, Naharkatiya College | Central Library, Naharkatiya College | General Stacks | 19/09/2020 | 322.4454162 | PAU | 1017 | 19/09/2020 | 5 | 19/09/2020 | Books | ||||||
| Central Library, Naharkatiya College | Central Library, Naharkatiya College | General Stacks | 19/09/2020 | 322.4454162 | PAU | 1018 | 19/09/2020 | 8 | 19/09/2020 | Books | ||||||
| Central Library, Naharkatiya College | Central Library, Naharkatiya College | General Stacks | 19/09/2020 | 2 | 322.4454162 | PAU | 1019 | 01/06/2022 | 9 | 19/09/2020 | Books | 31/05/2022 | ||||
| Central Library, Naharkatiya College | Central Library, Naharkatiya College | General Stacks | 19/09/2020 | 322.4454162 | PAU | 1020 | 19/09/2020 | 1 | 19/09/2020 | Books | ||||||
| Central Library, Naharkatiya College | Central Library, Naharkatiya College | General Stacks | 19/09/2020 | 322.4454162 | PAU | 1022 | 19/09/2020 | 10 | 19/09/2020 | Books | ||||||
| Central Library, Naharkatiya College | Central Library, Naharkatiya College | General Stacks | 19/09/2020 | 322.4454162 | PAU | 1023 | 19/09/2020 | 4 | 19/09/2020 | Books | ||||||
| Central Library, Naharkatiya College | Central Library, Naharkatiya College | General Stacks | 19/09/2020 | 322.4454162 | PAU | 1024 | 19/09/2020 | 6 | 19/09/2020 | Books | ||||||
| Central Library, Naharkatiya College | Central Library, Naharkatiya College | General Stacks | 19/09/2020 | 322.4454162 | PAU | 1026 | 19/09/2020 | 12 | 19/09/2020 | Books | ||||||
| Central Library, Naharkatiya College | Central Library, Naharkatiya College | General Stacks | 19/09/2020 | 322.4454162 | PAU | 433 | 19/09/2020 | 7 | 19/09/2020 | Books | ||||||
| Central Library, Naharkatiya College | Central Library, Naharkatiya College | General Stacks | 19/09/2020 | 2 | 322.4454162 | PAU | 434 | 27/02/2023 | 2 | 19/09/2020 | Books | 20/02/2023 | ||||
| Central Library, Naharkatiya College | Central Library, Naharkatiya College | General Stacks | 19/09/2020 | 322.4454162 | PAU | 435 | 19/09/2020 | 11 | 19/09/2020 | Books | ||||||
| Central Library, Naharkatiya College | Central Library, Naharkatiya College | General Stacks | 19/09/2020 | 322.4454162 | PAU | 436 | 19/09/2020 | 13 | 19/09/2020 | Books | ||||||
| Central Library, Naharkatiya College | Central Library, Naharkatiya College | General Stacks | 19/09/2020 | 322.4454162 | PAU | 437 | 19/09/2020 | 3 | 19/09/2020 | Books |
